LUCE AND HIS EMPIRE / (Record no. 616333)

000 -LEADER
fixed length control field 00345nam a22001337a 4500
020 ## - INTERNATIONAL STANDARD BOOK NUMBER
Qualifying information HB.
040 ## - CATALOGING SOURCE
Transcribing agency FIZZA ISHAQ
082 ## - DEWEY DECIMAL CLASSIFICATION NUMBER
Classification number 070.509
Author Mark SWA
100 ## - MAIN ENTRY--PERSONAL NAME
Personal name SWANBERG,A.W.
9 (RLIN) 133378
245 ## - TITLE STATEMENT
Title LUCE AND HIS EMPIRE /
Statement of responsibility, etc. W.A.SWANBERG.
260 ## - PUBLICATION, DISTRIBUTION, ETC.
Place of publication, distribution, etc. NEW YORK ;
Name of publisher, distributor, etc. CHARLES SCRIBNER'S SONS,
Date of publication, distribution, etc. 1972.
300 ## - PHYSICAL DESCRIPTION
Extent 529 P. ;
Dimensions 9.2X6.1IN
942 ## - ADDED ENTRY ELEMENTS (KOHA)
Source of classification or shelving scheme
Koha item type Book
Holdings
Withdrawn status Lost status Source of classification or shelving scheme Damaged status Not for loan Permanent Location Current Location Shelving location Date acquired Total Checkouts Full call number Barcode Date last seen Price effective from Koha item type
          NUST Baluchistan Campus (NBC) NUST Baluchistan Campus (NBC) Reference 02/23/2026   070.509 SWA QD-440 02/23/2026 02/23/2026 Book
© 2023 Central Library, National University of Sciences and Technology. All Rights Reserved.